Serie A Top 3 Goalscorers By Season - Statistics

General Stats
  • This quiz has been taken 233 times
  • The average score is 61 of 90
Answer Stats
Hint Answer % Correct
2021/22 Ciro Immobile
97%
2019/20 Ciro Immobile
97%
Ciro Immobile
97%
2013/14 Ciro Immobile
97%
2020/21 Cristiano Ronaldo
97%
Cristiano Ronaldo
97%
Lautaro Martinez
96%
Lautaro Martinez
96%
2006/07 Francesco Totti
95%
Francesco Totti
95%
Ronaldo
95%
2015/16 Gonzalo Higuain
92%
Romelu Lukaku
91%
Romelu Lukaku
91%
2022/23 Victor Osimhen
91%
Dusan Vlahovic
90%
2011/12 Zlatan Ibrahimovic
89%
2008/09 Zlatan Ibrahimovic
89%
2007/08 Alessandro Del Piero
88%
Paulo Dybala
87%
Paulo Dybala
87%
Antonio Di Natale
86%
Antonio Di Natale
86%
2010/11 Antonio Di Natale
86%
2009/10 Antonio Di Natale
86%
Filippo Inzaghi
86%
1996/97 Filippo Inzaghi
86%
2017/18 Mauro Icardi
86%
2014/15 Mauro Icardi
86%
2016/17 Edin Dzeko
85%
Diego Milito
84%
Diego Milito
84%
Diego Milito
84%
Dries Mertens
84%
2012/13 Edinson Cavani
84%
Edinson Cavani
84%
Edinson Cavani
84%
2018/19 Fabio Quagliarella
83%
Luca Toni
81%
Luca Toni
81%
2005/06 Luca Toni
81%
Duvan Zapata
78%
2003/04 Andriy Shevchenko
76%
Andriy Shevchenko
76%
1999/00 Andriy Shevchenko
76%
Carlos Tevez
76%
Carlos Tevez
76%
2002/03 Christian Vieri
76%
Christian Vieri
76%
Gabriel Batistuta
76%
Gabriel Batistuta
76%
1994/95 Gabriel Batistuta
76%
David Trezeguet
75%
David Trezeguet
75%
David Trezeguet
75%
Samuel Eto'o
73%
Andrea Belotti
72%
2000/01 Hernan Crespo
70%
Hernan Crespo
70%
Krzysztof Piatek
69%
Luis Muriel
62%
Boulaye Dia
55%
Carlos Bacca
55%
Roberto Baggio
54%
Oliver Bierhoff
45%
1997/98 Oliver Bierhoff
45%
Cristiano Lucarelli
44%
2004/05 Cristiano Lucarelli
44%
Vincenzo Montella
44%
Vincenzo Montella
44%
Alberto Gilardino
43%
Alberto Gilardino
43%
Giampaolo Pazzini
43%
Marco Di Vaio
42%
Stephan El Shaarawy
39%
Fabrizio Miccoli
38%
Enrico Chiesa
37%
Enrico Chiesa
37%
1995/96 Giuseppe Signori
36%
2001/02 Dario Hubner
34%
Marco Borriello
31%
Daniel Osvaldo
27%
1998/99 Marcio Amoroso
27%
David Suazo
22%
Adrian Mutu
21%
Igor Protti
20%
Abel Balbo
18%
Abel Balbo
18%
Christian Riganò
12%
Ruggiero Rizzitelli
5%
No matching quizzes found
Score Distribution
Percent of People with Each Score
Percentile by Number Answered
Your Score History
You have not taken this quiz